000 00501pab a2200169 454500
008 180718b2015 xxu||||| |||| 00| 0 eng d
100 _aShukla, Siddheshwar
245 _aSlums in Lutyen's Delhi: love for resource, hate for humans, a study of existence and living conditions
260 _c2015
300 _ap.69-76.
362 _aSet-Oct
650 _aLiving conditions - India - Delhi
650 _aSlums - India - Delhi
650 _aSlums
773 _aSocial Scientist
909 _a110234
999 _c110229
_d110229